000 00320 a2200157 4500
001 193100
020 _a978-85-424-0607-8
040 _cMagnum
100 _aTrindade, Kátia
240 1 0 _aAutoestima
_lpor
245 1 0 _aAutoestima
300 _a15
362 0 _a2017
697 _aLITERATURA INFANTIL
942 _cBK
999 _c193100
_d193100